LIBRARY & INFORMATION CENTRE, KCAET, TAVANUR

ONLINE PUBLIC ACCESS CATALOGUE (OPAC)

Operational mathematics / (Record no. 2911)

MARC details
000 -LEADER
fixed length control field 00437cam a2200169ua 4500
020 ## - INTERNATIONAL STANDARD BOOK NUMBER
ISBN 07 010870 0
041 ## - LANGUAGE CODE
Language code of text/sound track or separate title eng
082 ## - DEWEY DECIMAL CLASSIFICATION NUMBER
Classification number 511.33
Item number CHU/Od
100 ## - MAIN ENTRY--AUTHOR NAME
Personal name Churchill, Ruel .
245 ## - TITLE STATEMENT
Title Operational mathematics /
260 ## - PUBLICATION, DISTRIBUTION, ETC. (IMPRINT)
Place of publication New York :
Name of publisher McGraw Hill Book Company ,
Year of publication 1958.
300 ## - PHYSICAL DESCRIPTION
Number of Pages 481 ; .
942 ## - ADDED ENTRY ELEMENTS (KOHA)
Koha item type Books
Holdings
Withdrawn status Lost status Damaged status Home library Current library Date acquired Full call number Accession Number Koha item type
      KAUAET KAUAET 07/04/2012 511.33 17749 Books
free website counter